Municipis de la comarca del Montsià (Catalunya) - Statistics

General Stats
  • This quiz has been taken 221 times
  • The average score is 9 of 12
Answer Stats
Hint Answer % Correct
A Amposta
95%
A Alcanar
90%
SC Sant Carles de la Ràpita
89%
U Ulldecona
87%
SJ Sant Jaume d'Enveja
82%
S La Sènia
76%
SB Santa Bàrbara
75%
MB Mas de Barberans
70%
F Freginals
68%
G Godall
68%
G La Galera
68%
M Masdenverge
65%
No matching quizzes found
Score Distribution
Percent of People with Each Score
Percentile by Number Answered
Your Score History
You have not taken this quiz